Employment law brings in significant changes (Record no. 68773)
[ view plain ]
| 000 -LEADER | |
|---|---|
| fixed length control field | 01520cam a2200289 4500 |
| 001 - CONTROL NUMBER | |
| control field | ABS64711 |
| 008 - FIXED-LENGTH DATA ELEMENTS--GENERAL INFORMATION | |
| fixed length control field | 011102n2001 000 0 eng u |
| 035 ## - SYSTEM CONTROL NUMBER | |
| System control number | (Sirsi) u115466 |
| 100 ## - MAIN ENTRY--PERSONAL NAME | |
| Personal name | Christian, L |
| 245 ## - TITLE STATEMENT | |
| Title | Employment law brings in significant changes |
| 260 ## - PUBLICATION, DISTRIBUTION, ETC. | |
| Date of publication, distribution, etc. | 2001 |
| 490 ## - SERIES STATEMENT | |
| Series statement | Construction News |
| Volume/sequential designation | (6739) 25 October 2001, 65(1) |
| 520 ## - SUMMARY, ETC. | |
| Summary, etc. | Examines the Employment Tribunals (Constitution and Rules of Procedure) Regulations 2001 which have made the following changes to the conduct of employment tribunals: tribunals can award costs against parties of up to £10,000; the Working Time Regulations allow a one-month period qualification period for holiday pay; the Sex Discrimination (Indirect Discrimination and Burden of Proof) Regulations 2001 implement the EU Directive on the burden of proof; the minimum wage has risen to £4.10 per hour; and proposals to change the TUPE regulations are out for consultation. Suggests that many in the construction industry will be affected by the minimum wage increase and ACAS' new arbitration scheme to resolve unfair dismissal disputes. |
| 590 ## - LOCAL NOTE (RLIN) | |
| Local note | ABS |
| 650 ## - SUBJECT ADDED ENTRY--TOPICAL TERM | |
| Topical term or geographic name entry element | EMPLOYMENT LAW |
| 650 ## - SUBJECT ADDED ENTRY--TOPICAL TERM | |
| Topical term or geographic name entry element | CONSTRUCTION INDUSTRY |
| 650 ## - SUBJECT ADDED ENTRY--TOPICAL TERM | |
| Topical term or geographic name entry element | EU DIRECTIVE |
| 650 ## - SUBJECT ADDED ENTRY--TOPICAL TERM | |
| Topical term or geographic name entry element | TRIBUNALS |
| 650 ## - SUBJECT ADDED ENTRY--TOPICAL TERM | |
| Topical term or geographic name entry element | SEX DISCRIMINATION |
| 650 ## - SUBJECT ADDED ENTRY--TOPICAL TERM | |
| Topical term or geographic name entry element | MINIMUM WAGE |
| 650 ## - SUBJECT ADDED ENTRY--TOPICAL TERM | |
| Topical term or geographic name entry element | HOLIDAY PAY |
| 650 ## - SUBJECT ADDED ENTRY--TOPICAL TERM | |
| Topical term or geographic name entry element | TUPE REGULATIONS |
| 650 ## - SUBJECT ADDED ENTRY--TOPICAL TERM | |
| Topical term or geographic name entry element | ACAS |
| 650 ## - SUBJECT ADDED ENTRY--TOPICAL TERM | |
| Topical term or geographic name entry element | EMPLOYMENT TRIBUNALS (CONSTITUTION AND RULES OF PROCEDURE) REGULATIONS 2001 |
| 690 ## - LOCAL SUBJECT ADDED ENTRY--TOPICAL TERM (OCLC, RLIN) | |
| Topical term or geographic name as entry element | MANAGEMENT |
| 942 ## - ADDED ENTRY ELEMENTS (KOHA) | |
| Suppress in OPAC | 0 |
| Withdrawn status | Lost status | Source of classification or shelving scheme | Damaged status | Not for loan | Home library | Current library | Shelving location | Date acquired | Total Checkouts | Full call number | Barcode | Date last seen | Copy number | Price effective from | Koha item type |
|---|---|---|---|---|---|---|---|---|---|---|---|---|---|---|---|
| Dewey Decimal Classification | London | London | Journal article | 02/11/2001 | ABS64711 | 115466-1001 | 06/08/2019 | 1 | 06/08/2019 | Journal article |